000 00629nam a2200193Ia 4500
005 20260415173419.0
008 008 250505s9999 xx 000 0 eng d
037 _aDissertations
040 _aFEDL
_beng
_cFEDL
041 _aeng
_2eng
084 _a371.96 PHU/DI
_qFEDL
100 _aPhukan Moni Monjur
_9783750
245 0 _aEducational experiences of the learners from mising tribe in Majuli: An exploratory study
260 _c2023
300 _avi, 133p.
546 _aM. Phil Dissertation (Delhi University); C D Included
942 _cDIS
_h371.96 PHU/DI
999 _c1400204
_d1400204